000 00922nam a22002537a 4500
003 DO-SdBNP
005 20220602134555.0
008 161017b1984 cu 00| 0 spa d
040 _aBPMSU
_bspa
_cBPMSU
082 _aR-911.7291
_bM378a 1984
_222
245 0 0 _aAtlas histórico biográfico José Martí
260 _aLa Habana :
_bInstituto Cubano de Geodesia y Cartografía ;
_bCentro de Estudios Martianos
_c1983
300 _a128 p. :
_bil. ;
_c35 cm
504 _aBibliografía: p. 123-126
590 _6Inventariado, 2022/VM
600 1 4 _aMartí, José
_d1853-1895
610 1 4 _aPartido Revolucionario Cubano
_xHistoria
_xMapas
650 4 _aGeografía histórica
_v Mapas.
710 2 _aInstituto Cubano de Geodesia y Cartografía
710 2 _aInstituto Cubano de Geodesia
710 2 _aCentro de Estudios Martianos (La Habana)
910 _aVMateo V./Validado. Control de calidad MFF
942 _2ddc
_cBK
999 _c11573
_d11573